| 000 | 01454nam a2200433 i 4500 | ||
|---|---|---|---|
| 001 | 42877 | ||
| 003 | KOSZ 005 | ||
| 005 | 20220331144935.0 | ||
| 008 | 020702s2002 pl |000 0 pol | ||
| 015 | _aUWD 2002/11204 | ||
| 020 | _a8373480110 | ||
| 035 | _a991018512109705066 | ||
| 035 | _a(PL-WaBN)b15017771-48omnis_nlop | ||
| 035 | _ab15017771 | ||
| 035 | _a(OCoLC)830318424 | ||
| 035 | _azz2002900937 | ||
| 035 | _a(PL)b0000001501777 | ||
| 035 | _a(EXLNZ-48OMNIS_NETWORK)9910253852905606 | ||
| 040 |
_aWA N _cWA N _dKOSZ 005/HR |
||
| 046 | _k2002 | ||
| 080 | _a378(4-67) | ||
| 100 | 1 |
_aMosakowski, Ryszard _eAutor |
|
| 245 | 1 | 0 |
_aSzkolnictwo wyższe w krajach Unii Europejskiej : _bstan obecny i planowane reformy / _cRyszard Mosakowski. |
| 260 |
_aGdańsk : _bWydawnictwo Politechniki Gdańskiej, _c2002. |
||
| 300 |
_a259 s. ; _c24 cm. |
||
| 336 |
_aTekst _btxt _2rdacontent |
||
| 337 |
_aBez urządzenia pośredniczącego _bn _2rdamedia |
||
| 338 |
_aWolumin _bnc _2rdacarrier |
||
| 380 | _aKsiążki | ||
| 388 | _a2001- | ||
| 504 | _aBibliogr. przy rozdz. | ||
| 650 | 7 |
_aSzkolnictwo wyższe _2DBN |
|
| 651 | 7 | _aKraje Unii Europejskiej | |
| 658 | _aEdukacja i pedagogika | ||
| 710 | 2 |
_aWydawnictwo Politechniki Gdańskiej _4pbl |
|
| 856 |
_uhttp://koha.tu.koszalin.pl/cgi-bin/koha/opac-detail.pl?biblionumber=42877 _yKatalog online BPK |
||
| 942 |
_2UKD _cKS |
||
| 999 |
_c42877 _d42877 |
||